000 00426nam a2200181Ia 4500
005 20250603145031.0
008 250603s9999 xx 000 0 und d
020 _a9789386372697
050 _aTN 269 .K86/
100 _aKumar, Uttam
245 0 _aGeophysics role in oil exploration
260 _aNew Delhi
260 _bRandom Publications
260 _c2018
300 _a284 p
650 _aNew Delhi
942 _cBK
999 _c40671
_d40671